[Event "Liberec Region-chT 2223"]
[Site "Czech Republic"]
[Date "2022.11.13"]
[Round "3.2"]
[White "Prazak, Ondrej"]
[Black "Vltavsky, Vladimir"]
[Result "1/2-1/2"]
[WhiteElo "2103"]
[BlackElo "2073"]
[PlyCount "40"]
[EventDate "2022.10.09"]
[EventType "team-tourn"]
[EventRounds "11"]
[EventCountry "CZE"]
[SourceTitle "EXT 2024"]
[Source "ChessBase"]
[SourceDate "2023.10.10"]
[SourceVersion "1"]
[SourceVersionDate "2023.10.10"]
[SourceQuality "1"]

1. d4 Nf6 2. c4 e6 3. Nf3 Bb4+ 4. Bd2 Qe7 5. a3 Bxd2+ 6. Nbxd2 d6 7. Qc2 c5 8. g3 e5 9. d5 0-0 10. e4 Nh5 11. Bd3 Na6 12. 0-0-0 Nc7 13. Nh4 g6 14. Ng2 a6 15. f3 b5 16. g4 Ng7 17. h4 Bd7 18. Ne3 Rfb8 19. h5 g5 20. h6 Nge8 1/2-1/2

[Event "Liberec Region-chT 2223"]
[Site "Czech Republic"]
[Date "2022.10.30"]
[Round "2.3"]
[White "Prazak, Ondrej"]
[Black "Duda, Antonin"]
[Result "0-1"]
[WhiteElo "2103"]
[BlackElo "2025"]
[PlyCount "100"]
[EventDate "2022.10.09"]
[EventType "team-tourn"]
[EventRounds "11"]
[EventCountry "CZE"]
[SourceTitle "EXT 2024"]
[Source "ChessBase"]
[SourceDate "2023.10.10"]
[SourceVersion "1"]
[SourceVersionDate "2023.10.10"]
[SourceQuality "1"]

1. e4 e5 2. Nf3 Nc6 3. Bb5 a6 4. Ba4 Nf6 5. 0-0 Be7 6. Re1 b5 7. Bb3 0-0 8. a4 d5 9. exd5 Na5 10. Ba2 e4 11. Ne5 c5 12. d4 c4 13. Bg5 Bb7 14. Nc3 Nxd5 15. Bxe7 Qxe7 16. Nxe4 Nf4 17. f3 Nc6 18. Nxc6 Bxc6 19. Qd2 Qc7 20. Bb1 Rae8 21. c3 Re6 22. Bc2 h5 23. Nc5 Rf6 24. Be4 Bxe4 25. Rxe4 Rd8 26. Rae1 Rd5 27. Re8+ Kh7 28. R1e5 g6 29. Ne4 Rf5 30. R5e7 Rd7 31. Re5 Rd5 32. R8e7 Rd7 33. Ng5+ Rxg5 34. Rxd7 Rxg2+ 35. Qxg2 Qxd7 36. Qg3 Nd3 37. Re2 b4 38. Qb8 Qxa4 39. Qe8 Qd1+ 40. Kg2 Nf4+ 41. Kf2 Qxe2+ 42. Qxe2 Nxe2 43. Kxe2 bxc3 44. bxc3 g5 45. d5 Kg7 46. Ke3 f5 47. Kd4 Kf6 48. Kc5 Ke7 49. Kxc4 g4 50. fxg4 fxg4 0-1

[Event "CZE-chT2C 1920"]
[Site "Czech Republic"]
[Date "2020.06.28"]
[Round "11.6"]
[White "Crha, Josef"]
[Black "Prazak, Ondrej"]
[Result "1/2-1/2"]
[WhiteElo "2027"]
[BlackElo "2020"]
[PlyCount "47"]
[EventDate "2019.10.13"]
[EventType "team-tourn"]
[EventRounds "11"]
[EventCountry "CZE"]
[SourceTitle "EXT 2024"]
[Source "ChessBase"]
[SourceDate "2023.10.10"]
[SourceVersion "1"]
[SourceVersionDate "2023.10.10"]
[SourceQuality "1"]
[WhiteTeam "Mlada Boleslav"]
[BlackTeam "Liberec Desko"]
[WhiteTeamCountry "CZE"]
[BlackTeamCountry "CZE"]

1. d4 d5 2. c4 e6 3. Nc3 Nf6 4. Bg5 Be7 5. e3 0-0 6. Nf3 Nbd7 7. Bd3 a6 8. 0-0 dxc4 9. Bxc4 b5 10. Bd3 c5 11. Qe2 Bb7 12. Rad1 Qb6 13. Rfe1 Rad8 14. Bb1 Rfe8 15. e4 cxd4 16. Rxd4 Ne5 17. Rxd8 Nxf3+ 18. Qxf3 Rxd8 19. a3 a5 20. Qe2 b4 21. e5 Qc6 22. Ne4 Nxe4 23. Bxe4 Qd7 24. Bxe7 1/2-1/2

[Event "CZE-chT2C 1920"]
[Site "Czech Republic"]
[Date "2020.06.27"]
[Round "10.6"]
[White "Prazak, Ondrej"]
[Black "Klima, Jan"]
[Result "1/2-1/2"]
[WhiteElo "2020"]
[BlackElo "1918"]
[PlyCount "80"]
[EventDate "2019.10.13"]
[EventType "team-tourn"]
[EventRounds "11"]
[EventCountry "CZE"]
[SourceTitle "EXT 2024"]
[Source "ChessBase"]
[SourceDate "2023.10.10"]
[SourceVersion "1"]
[SourceVersionDate "2023.10.10"]
[SourceQuality "1"]
[WhiteTeam "Liberec Desko"]
[BlackTeam "Praha Oaza II"]
[WhiteTeamCountry "CZE"]
[BlackTeamCountry "CZE"]

1. d4 Nf6 2. Nf3 e6 3. g3 c5 4. c4 d5 5. cxd5 exd5 6. Nc3 Nc6 7. Bg2 Be7 8. 0-0 0-0 9. Bg5 c4 10. Ne5 Be6 11. Nxc6 bxc6 12. b3 cxb3 13. axb3 h6 14. Bf4 Qd7 15. Re1 Bb4 16. Bd2 Bh3 17. Bh1 Rfe8 18. Na4 Bd6 19. Nc5 Bxc5 20. dxc5 Ne4 21. Be3 Re7 22. Bd4 Rae8 23. f3 Ng5 24. Qd2 f5 25. e3 Qe6 26. Ra6 Qg6 27. Kf2 Rf7 28. Rea1 Ree7 29. b4 Rb7 30. Kg1 Qh5 31. f4 Nf3+ 32. Bxf3 Qxf3 33. Bc3 Rfe7 34. Qf2 Rxe3 35. Bd2 Rd3 36. Qxf3 Rxf3 37. R6a3 Rxa3 38. Rxa3 Re7 39. Kf2 Bg4 40. Re3 Rxe3 1/2-1/2

[Event "CZE-chT2C 1920"]
[Site "Czech Republic"]
[Date "2019.11.17"]
[Round "3.5"]
[White "Prazak, Ondrej"]
[Black "Hulin, Petr"]
[Result "1/2-1/2"]
[WhiteElo "2020"]
[BlackElo "2068"]
[PlyCount "98"]
[EventDate "2019.10.13"]
[EventType "team-tourn"]
[EventRounds "11"]
[EventCountry "CZE"]
[SourceTitle "EXT 2024"]
[Source "ChessBase"]
[SourceDate "2023.10.10"]
[SourceVersion "1"]
[SourceVersionDate "2023.10.10"]
[SourceQuality "1"]
[WhiteTeam "Liberec Desko"]
[BlackTeam "Bakov nad Jizerou"]
[WhiteTeamCountry "CZE"]
[BlackTeamCountry "CZE"]

1. d4 Nf6 2. Nf3 e6 3. c4 b6 4. g3 Bb4+ 5. Bd2 a5 6. a3 Bxd2+ 7. Nbxd2 Bb7 8. Bg2 0-0 9. 0-0 d6 10. Qc2 Nbd7 11. e4 e5 12. b4 Qe7 13. d5 c6 14. Rfc1 Rfc8 15. Qd3 c5 16. Rab1 axb4 17. axb4 cxb4 18. Rxb4 Nc5 19. Qb1 Ra6 20. Rxb6 Qc7 21. Rxa6 Bxa6 22. Qa2 Rb8 23. Rb1 Rb6 24. Ne1 Qb7 25. Rxb6 Qxb6 26. h3 g6 27. Qc2 Nfd7 28. Nd3 Nxd3 29. Qxd3 Qb4 30. Qc2 Nc5 31. Kh2 Bc8 32. Bf1 Bd7 33. Be2 Ba4 34. Qc1 Kg7 35. Kg2 f6 36. f3 Kf8 37. Nb1 Nb3 38. Qc3 Qc5 39. Bd1 Qb6 40. Bxb3 Bxb3 41. Nd2 Ba4 42. Nf1 Kf7 43. Ne3 Ke7 44. Ng4 Qc5 45. Nf2 Bb5 46. Nd3 Qxc4 47. Qxc4 Bxc4 48. Nb4 Kd7 49. Kf2 Bb5 1/2-1/2

[Event "CZE-chT2B 1516"]
[Site "Czech Republic"]
[Date "2016.01.10"]
[Round "5.5"]
[White "Chaloupka, Vladimir"]
[Black "Prazak, Ondrej"]
[Result "1-0"]
[WhiteElo "2085"]
[BlackElo "2033"]
[PlyCount "71"]
[EventDate "2015.10.18"]
[EventType "team-tourn"]
[EventRounds "11"]
[EventCountry "CZE"]
[SourceTitle "EXT 2022"]
[Source "ChessBase"]
[SourceDate "2021.10.06"]
[SourceVersion "1"]
[SourceVersionDate "2021.10.06"]
[SourceQuality "1"]
[WhiteTeam "Litomerice"]
[BlackTeam "Turnov Zikuda III"]
[WhiteTeamCountry "CZE"]
[BlackTeamCountry "CZE"]

1. d4 Nf6 2. c4 e6 3. Nc3 d5 4. Bg5 Be7 5. e3 0-0 6. Nf3 Nbd7 7. Qc2 a6 8. cxd5 exd5 9. Bd3 c6 10. 0-0 Re8 11. Rab1 Nf8 12. b4 b5 13. Rfc1 Be6 14. Bf5 Bxf5 15. Qxf5 g6 16. Qc2 N8d7 17. a4 Nb6 18. Ne5 Rc8 19. Nd3 Nc4 20. Ra1 Ra8 21. Ra2 Nd7 22. Bxe7 Qxe7 23. Rca1 Ndb6 24. Qe2 Kg7 25. Qf3 f6 26. Nc5 Nd6 27. h3 Ne4 28. N3xe4 dxe4 29. Qe2 Reb8 30. axb5 axb5 31. Ra6 Kh6 32. Qc2 f5 33. Qb3 Qc7 34. R1a5 Qc8 35. Qf7 Nd5 36. Ne6 1-0

[Event "CZE-chT2B 1516"]
[Site "Czech Republic"]
[Date "2015.10.18"]
[Round "1.3"]
[White "Prazak, Ondrej"]
[Black "Braun, Marek"]
[Result "0-1"]
[WhiteElo "2033"]
[BlackElo "2195"]
[PlyCount "100"]
[EventDate "2015.10.18"]
[EventType "team-tourn"]
[EventRounds "11"]
[EventCountry "CZE"]
[SourceTitle "EXT 2022"]
[Source "ChessBase"]
[SourceDate "2021.10.06"]
[SourceVersion "1"]
[SourceVersionDate "2021.10.06"]
[SourceQuality "1"]
[WhiteTeam "Turnov Zikuda III"]
[BlackTeam "Turnov Zikuda II"]
[WhiteTeamCountry "CZE"]
[BlackTeamCountry "CZE"]

1. d4 Nf6 2. c4 g6 3. Nf3 Bg7 4. g3 0-0 5. Bg2 d6 6. 0-0 a6 7. Nc3 Nc6 8. e4 Bg4 9. h3 Bxf3 10. Bxf3 e5 11. d5 Nd4 12. Bg2 c5 13. dxc6 bxc6 14. Be3 Nd7 15. f4 Qa5 16. Ne2 c5 17. Bd2 Qd8 18. Nc3 Rb8 19. Rb1 Nb6 20. b3 exf4 21. Bxf4 Be5 22. Nd5 Nxd5 23. exd5 Bxf4 24. Rxf4 Re8 25. Rb2 Qg5 26. Rbf2 Rb7 27. Qg4 Qxg4 28. Rxg4 f5 29. Rh4 Re3 30. g4 f4 31. g5 Rf7 32. Kh2 f3 33. Bf1 a5 34. Rg4 Kg7 35. h4 h5 36. gxh6+ Kxh6 37. Bh3 Ne2 38. Rg5 Nf4 39. Be6 Rf6 40. Rg3 Nd3 41. Rf1 Re2+ 42. Kh1 Ne5 43. Bg4 Nxg4 44. Rxg4 Rxa2 45. Rg3 Ra3 46. Rgxf3 Rxf3 47. Rxf3 a4 48. Rf8 Rxb3 49. Ra8 a3 50. Ra6 Rc3 0-1

[Event "Klatovy op-A"]
[Site "Klatovy"]
[Date "2005.07.10"]
[Round "9"]
[White "Prazak, Ondrej"]
[Black "Cmiko, Jakub"]
[Result "1/2-1/2"]
[WhiteElo "2006"]
[BlackElo "2093"]
[PlyCount "34"]
[EventDate "2005.07.02"]
[EventType "swiss"]
[EventRounds "9"]
[EventCountry "CZE"]
[SourceTitle "CBM 107 Extra"]
[Source "ChessBase"]
[SourceDate "2005.09.01"]
[SourceVersion "1"]
[SourceVersionDate "2005.09.01"]
[SourceQuality "1"]

1. d4 Nf6 2. c4 e6 3. Nf3 Bb4+ 4. Bd2 Qe7 5. g3 b6 6. Bg2 Bb7 7. 0-0 Bxd2 8. Nbxd2 0-0 9. Rc1 d6 10. e3 c5 11. Qc2 cxd4 12. Nxd4 Bxg2 13. Kxg2 Qb7+ 14. Kg1 Nc6 15. Ne4 Nxd4 16. Nxf6+ gxf6 17. exd4 Qf3 1/2-1/2

[Event "Klatovy op-A"]
[Site "Klatovy"]
[Date "2005.07.09"]
[Round "8"]
[White "Novy, Vaclav"]
[Black "Prazak, Ondrej"]
[Result "1/2-1/2"]
[WhiteElo "2088"]
[BlackElo "2006"]
[PlyCount "34"]
[EventDate "2005.07.02"]
[EventType "swiss"]
[EventRounds "9"]
[EventCountry "CZE"]
[SourceTitle "CBM 107 Extra"]
[Source "ChessBase"]
[SourceDate "2005.09.01"]
[SourceVersion "1"]
[SourceVersionDate "2005.09.01"]
[SourceQuality "1"]

1. d4 Nf6 2. e3 d5 3. Bd3 e6 4. Nf3 Be7 5. Nbd2 0-0 6. 0-0 b6 7. Qe2 Bb7 8. Ne5 c5 9. c3 Qc8 10. e4 dxe4 11. Nxe4 Nxe4 12. Bxe4 Nd7 13. Nxd7 Qxd7 14. Bxb7 Qxb7 15. dxc5 Bxc5 16. Rd1 Rfd8 17. Bg5 Be7 1/2-1/2

[Event "Klatovy op-A"]
[Site "Klatovy"]
[Date "2005.07.08"]
[Round "7"]
[White "Prazak, Ondrej"]
[Black "Jonas, Vlastimil"]
[Result "1/2-1/2"]
[WhiteElo "2006"]
[BlackElo "2055"]
[PlyCount "140"]
[EventDate "2005.07.02"]
[EventType "swiss"]
[EventRounds "9"]
[EventCountry "CZE"]
[SourceTitle "CBM 107 Extra"]
[Source "ChessBase"]
[SourceDate "2005.09.01"]
[SourceVersion "1"]
[SourceVersionDate "2005.09.01"]
[SourceQuality "1"]

1. e4 e5 2. Nf3 Nc6 3. Bb5 f5 4. d3 fxe4 5. dxe4 Nf6 6. 0-0 d6 7. Nc3 Be7 8. h3 h6 9. Be3 Be6 10. Qe2 0-0 11. Rad1 Qe8 12. Bc4 Bxc4 13. Qxc4+ Qf7 14. Qxf7+ Rxf7 15. Rd2 a6 16. Rfd1 Raf8 17. Nh2 Nh7 18. f3 Bg5 19. Nf1 Bxe3+ 20. Nxe3 Ne7 21. Ncd5 Nxd5 22. Nxd5 Nf6 23. c4 Nh5 24. a3 Nf4 25. Nxf4 Rxf4 26. Rd5 Re8 27. Kf2 Kf8 28. Ke3 Rf7 29. Kd3 Ke7 30. c5 Ke6 31. Kc4 dxc5 32. Kxc5 Ree7 33. b4 Kf6 34. R1d3 Kg5 35. g3 Kf6 36. a4 Kg6 37. b5 axb5 38. axb5 b6+ 39. Kc4 Kf6 40. Kc3 g5 41. Kd2 Kg6 42. Ke3 Kg7 43. Ra3 Rf8 44. Ra2 Kf6 45. f4 gxf4+ 46. gxf4 exf4+ 47. Kxf4 Ke6+ 48. Ke3 Ref7 49. Rc2 Kf6 50. Rf5+ Kg7 51. Rxf7+ Rxf7 52. Rc6 Re7 53. Kd4 h5 54. e5 Rd7+ 55. Ke4 Re7 56. Rf6 Rd7 57. Rf5 Kg6 58. e6 Rd1 59. Rf7 Re1+ 60. Kd5 Rc1 61. Rf2 Kg7 62. Rf5 h4 63. e7 Re1 64. Rh5 Rxe7 65. Rxh4 Rf7 66. Re4 Kf8 67. Kc6 Rf5 68. Rc4 Ke8 69. Kxc7 Rxb5 70. Rc6 Kf7 1/2-1/2

[Event "Klatovy op-A"]
[Site "Klatovy"]
[Date "2005.07.04"]
[Round "3"]
[White "Lacina, Adolf"]
[Black "Prazak, Ondrej"]
[Result "1-0"]
[WhiteElo "2244"]
[BlackElo "2006"]
[PlyCount "84"]
[EventDate "2005.07.02"]
[EventType "swiss"]
[EventRounds "9"]
[EventCountry "CZE"]
[SourceTitle "CBM 107 Extra"]
[Source "ChessBase"]
[SourceDate "2005.09.01"]
[SourceVersion "1"]
[SourceVersionDate "2005.09.01"]
[SourceQuality "1"]

1. e4 e5 2. Nf3 Nf6 3. Nxe5 d6 4. Nf3 Nxe4 5. d4 d5 6. Bd3 Nc6 7. 0-0 Be7 8. c4 Nb4 9. Be2 0-0 10. Nc3 Bf5 11. Bf4 dxc4 12. Bxc4 c6 13. Rc1 Nxc3 14. bxc3 Nd5 15. Qd2 Nxf4 16. Qxf4 Bg6 17. Rfe1 Bf6 18. Qg3 Re8 19. Rxe8+ Qxe8 20. Re1 Qd7 21. Ne5 Bxe5 22. Qxe5 b6 23. Qe7 Qd8 24. f4 b5 25. Bb3 a5 26. a3 Qxe7 27. Rxe7 Rf8 28. g4 a4 29. Bd1 f5 30. g5 Re8 31. Rxe8+ Bxe8 32. Kf2 Bf7 33. Ke3 Kf8 34. Bc2 g6 35. d5 Bxd5 36. Kd4 Ke7 37. Kc5 Kd7 38. Bd3 Bb3 39. Be2 Bc2 40. h4 Kc7 41. h5 Kd7 42. h6 Kc7 1-0

[Event "Klatovy op-A"]
[Site "Klatovy"]
[Date "2004.07.04"]
[Round "2"]
[White "Stluka, Frantisek"]
[Black "Prazak, Ondrej"]
[Result "1/2-1/2"]
[WhiteElo "2130"]
[BlackElo "2006"]
[PlyCount "48"]
[EventDate "2004.07.03"]
[EventType "swiss"]
[EventRounds "9"]
[EventCountry "CZE"]
[SourceTitle "CBM 101 Extra"]
[Source "ChessBase"]
[SourceDate "2004.09.01"]
[SourceVersion "2"]
[SourceVersionDate "2004.09.01"]
[SourceQuality "1"]

1. d4 d5 2. c4 dxc4 3. Nf3 Nf6 4. Nc3 e6 5. e3 c5 6. Bxc4 cxd4 7. exd4 a6 8. a4 Be7 9. 0-0 0-0 10. Qe2 Nbd7 11. Bf4 Nb6 12. Bd3 Nbd5 13. Be5 Bd7 14. Ng5 h6 15. Nge4 Bc6 16. Nxf6+ Nxf6 17. Rfd1 Rc8 18. h3 Qd7 19. Bc4 Nd5 20. Nxd5 Bxd5 21. b3 Qc6 22. Rac1 Bxc4 23. Rxc4 Qd7 24. Rdc1 Rxc4 1/2-1/2

[Event "Klatovy op-A"]
[Site "Klatovy"]
[Date "2002.??.??"]
[Round "?"]
[White "Hlavnicka, Jiri"]
[Black "Prazak, Ondrej"]
[Result "1/2-1/2"]
[WhiteElo "1845"]
[BlackElo "1975"]
[PlyCount "106"]
[EventDate "2002.??.??"]
[EventType "swiss"]
[EventRounds "9"]
[EventCountry "CZE"]
[SourceTitle "EXT 2005"]
[Source "ChessBase"]
[SourceDate "2004.11.15"]
[SourceVersion "1"]
[SourceVersionDate "2004.11.15"]
[SourceQuality "1"]

1. e4 e6 2. d4 d5 3. Nd2 dxe4 4. Nxe4 Nd7 5. Nf3 Ngf6 6. Bg5 Be7 7. Nxf6+ Nxf6 8. Bd3 0-0 9. c3 b6 10. Bc2 Bb7 11. Bxf6 Bxf6 12. h4 g6 13. h5 c5 14. Qd3 cxd4 15. hxg6 hxg6 16. Nxd4 Qd5 17. 0-0-0 Kg7 18. Qe3 Qg5 19. f4 Bxd4 20. Qxd4+ e5 21. fxg5 exd4 22. Rxd4 Bxg2 23. Rg1 Bh3 24. Rf4 Rfd8 25. Rg3 Be6 26. b3 Rd5 27. Be4 Rad8 28. Bxd5 Rxd5 29. Rf2 Bf5 30. Rd2 Re5 31. Rg1 f6 32. gxf6+ Kxf6 33. c4 Re3 34. Rd6+ Ke5 35. Rd5+ Kf4 36. Rd4+ Kf3 37. Rf1+ Ke2 38. Rdf4 Be4 39. R4f2+ Kd3 40. Rd2+ Kc3 41. Rff2 Bd3 42. Rg2 g5 43. Rxg5 Re1+ 44. Rd1 Re2 45. Rg3 Rc2+ 46. Kb1 Rd2+ 47. Rxd3+ Rxd3 48. Rxd3+ Kxd3 49. Kb2 a5 50. Ka3 Kc3 51. Ka4 Kb2 52. b4 axb4 53. Kxb4 Kxa2 1/2-1/2

[Event "Klatovy op-A"]
[Site "Klatovy"]
[Date "2002.??.??"]
[Round "?"]
[White "Pokora, Lubomir"]
[Black "Prazak, Ondrej"]
[Result "1/2-1/2"]
[WhiteElo "1870"]
[BlackElo "1975"]
[PlyCount "58"]
[EventDate "2002.??.??"]
[EventType "swiss"]
[EventRounds "9"]
[EventCountry "CZE"]
[SourceTitle "EXT 2005"]
[Source "ChessBase"]
[SourceDate "2004.11.15"]
[SourceVersion "1"]
[SourceVersionDate "2004.11.15"]
[SourceQuality "1"]

1. e4 e6 2. d3 d5 3. Nd2 b6 4. g3 Bb7 5. Bg2 Nf6 6. e5 Nfd7 7. d4 c5 8. c3 Nc6 9. Nb3 Rc8 10. a3 a5 11. Be3 Ba6 12. Ne2 Be7 13. 0-0 0-0 14. Rc1 cxd4 15. cxd4 b5 16. f4 b4 17. axb4 Nxb4 18. Rxc8 Bxc8 19. Nc3 Ba6 20. Rf2 Nd3 21. Rd2 Qb6 22. Bf1 Rb8 23. Bxd3 Bxd3 24. Nxd5 exd5 25. Rxd3 a4 26. Nc1 Qa6 27. Qc2 Nb6 28. Qc7 Rb7 29. Qc6 Rb8 1/2-1/2

[Event "Schneider Bohemia op-B"]
[Site "Plzen"]
[Date "2001.??.??"]
[Round "3.8"]
[White "Karaba, David"]
[Black "Prazak, Ondrej"]
[Result "0-1"]
[WhiteElo "1453"]
[BlackElo "1663"]
[PlyCount "86"]
[EventDate "2001.08.??"]
[EventType "swiss"]
[EventRounds "9"]
[EventCountry "CZE"]
[SourceTitle "EXT 2002"]
[Source "ChessBase"]
[SourceDate "2001.11.25"]
[SourceVersion "1"]
[SourceVersionDate "2001.11.25"]
[SourceQuality "1"]

1. e4 e6 2. d4 d5 3. e5 c5 4. c3 Nc6 5. Nf3 Qb6 6. a3 a5 7. Bd3 Bd7 8. Bc2 cxd4 9. cxd4 Nge7 10. g4 Ng6 11. Nc3 Be7 12. h4 0-0-0 13. Na4 Qc7 14. h5 Nf8 15. Be3 f6 16. Kf1 fxe5 17. dxe5 Nxe5 18. Bb6 Qc4+ 19. Qe2 Nxf3 20. Bxa5 Qxe2+ 21. Kxe2 Nd4+ 22. Kd3 Nxc2 23. Nb6+ Kb8 24. Kxc2 Bc5 25. Nxd5 Ba4+ 26. b3 Bxb3+ 27. Kxb3 Rxd5 28. Bc3 Bd4 29. Bb4 Bxa1 30. Rxa1 Nd7 31. Bc3 e5 32. f4 exf4 33. Bxg7 Rg8 34. h6 Ne5 35. Rf1 Ng6 36. Kc4 Rgd8 37. Re1 f3 38. Bf6 R8d7 39. Re8+ Kc7 40. Re1 Rd1 41. Bc3 Rxe1 42. Bxe1 Ne5+ 43. Kc5 Nd3+ 0-1

[Event "Klatovy op-B"]
[Site "Klatovy"]
[Date "2001.??.??"]
[Round "?"]
[White "Kralovec, Vaclav"]
[Black "Prazak, Ondrej"]
[Result "1/2-1/2"]
[WhiteElo "1810"]
[BlackElo "1660"]
[PlyCount "71"]
[EventDate "2001.07.??"]
[EventType "swiss"]
[EventRounds "9"]
[EventCountry "CZE"]
[SourceTitle "EXT 2006"]
[Source "ChessBase"]
[SourceDate "2005.11.24"]
[SourceVersion "1"]
[SourceVersionDate "2005.11.24"]
[SourceQuality "1"]

1. e4 e6 2. d3 d5 3. Nd2 Nf6 4. Qe2 dxe4 5. Nxe4 Nxe4 6. dxe4 b6 7. Qd3 Qxd3 8. Bxd3 Ba6 9. Be2 Bxe2 10. Nxe2 Nc6 11. Bd2 Bc5 12. f3 0-0-0 13. 0-0-0 Rd7 14. Bf4 Rhd8 15. Rxd7 Rxd7 16. Rd1 Rxd1+ 17. Kxd1 Kd7 18. c3 a5 19. Kc2 e5 20. Bg3 f6 21. Nc1 Ke6 22. Nd3 Be7 23. Be1 h6 24. b4 Bd6 25. Kb3 b5 26. a4 bxa4+ 27. Kxa4 axb4 28. Nxb4 Nxb4 29. cxb4 f5 30. Kb5 fxe4 31. fxe4 Kd7 32. Kc4 Ke6 33. Bf2 c6 34. Bc5 Bc7 35. Kd3 Bd8 36. Ke2 1/2-1/2

[Event "Klatovy op-B"]
[Site "Klatovy"]
[Date "2001.??.??"]
[Round "?"]
[White "Pfanner, Tobias"]
[Black "Prazak, Ondrej"]
[Result "0-1"]
[WhiteElo "1810"]
[BlackElo "1660"]
[PlyCount "72"]
[EventDate "2001.07.??"]
[EventType "swiss"]
[EventRounds "9"]
[EventCountry "CZE"]
[SourceTitle "EXT 2006"]
[Source "ChessBase"]
[SourceDate "2005.11.24"]
[SourceVersion "1"]
[SourceVersionDate "2005.11.24"]
[SourceQuality "1"]

1. e4 e6 2. d4 d5 3. exd5 exd5 4. Bd3 Bd6 5. Ne2 Nf6 6. Bg5 0-0 7. c3 c6 8. Qc2 h6 9. Bh4 Be6 10. Nd2 Nbd7 11. 0-0-0 Qc7 12. Bg3 b5 13. f4 Nb6 14. f5 Bd7 15. Bxd6 Qxd6 16. h3 Nc4 17. Bxc4 bxc4 18. g4 Rfe8 19. Nf3 Ne4 20. Rdf1 a5 21. Ne5 a4 22. a3 c5 23. Nxd7 Qxd7 24. dxc5 Nxc5 25. Nf4 Re4 26. Kb1 Qd6 27. Qf2 Rb8 28. Ka2 Qb6 29. Nxd5 Qb3+ 30. Ka1 Nd3 31. Qd2 Nxb2 32. Nb4 Qxa3+ 33. Kb1 Nd3 34. Qa2 Qxc3 35. Rc1 Rxb4+ 36. Qb2 Qxb2# 0-1

[Event "CZE-ch U18"]
[Site "Czech Republic"]
[Date "2001.??.??"]
[Round "?"]
[White "Prazak, Ondrej"]
[Black "Bujak, Michal"]
[Result "0-1"]
[WhiteElo "1785"]
[BlackElo "2045"]
[PlyCount "57"]
[EventDate "2001.??.??"]
[EventType "swiss"]
[EventRounds "9"]
[EventCountry "CZE"]
[SourceTitle "EXT 2003"]
[Source "ChessBase"]
[SourceDate "2002.11.25"]
[SourceVersion "1"]
[SourceVersionDate "2002.11.25"]
[SourceQuality "1"]

1. d4 Nf6 2. c4 e6 3. Nc3 Bb4 4. Qc2 b6 5. Bg5 Bb7 6. e3 0-0 7. f3 h6 8. Bh4 Nc6 9. Bd3 Be7 10. a3 d6 11. Nge2 e5 12. d5 Nb8 13. Bf2 a5 14. 0-0 Na6 15. Rfb1 Nc5 16. b4 Nxd3 17. Qxd3 Nd7 18. Nc1 f5 19. Nb3 a4 20. Nd2 Bh4 21. g3 Bg5 22. Qc2 f4 23. e4 fxg3 24. hxg3 Bxd2 25. Qxd2 Rxf3 26. Kg2 Qf6 27. Nb5 Rf8 28. Rb2 Qg6 29. Re1 0-1

[Event "Klatovy op-B"]
[Site "Klatovy"]
[Date "2001.??.??"]
[Round "?"]
[White "Prazak, Ondrej"]
[Black "Kochert, Bedrich"]
[Result "1-0"]
[WhiteElo "1660"]
[BlackElo "1765"]
[PlyCount "79"]
[EventDate "2001.07.??"]
[EventType "swiss"]
[EventRounds "9"]
[EventCountry "CZE"]
[SourceTitle "EXT 2006"]
[Source "ChessBase"]
[SourceDate "2005.11.24"]
[SourceVersion "1"]
[SourceVersionDate "2005.11.24"]
[SourceQuality "1"]

1. e4 e6 2. d4 b6 3. c3 Bb7 4. Bd3 c5 5. Be3 cxd4 6. cxd4 Nf6 7. f3 Be7 8. Ne2 0-0 9. Nbc3 Ba6 10. Bxa6 Nxa6 11. 0-0 Nc7 12. Rc1 Rc8 13. a3 d6 14. Qd2 Qd7 15. Rfd1 Rfd8 16. Nf4 Nb5 17. d5 Nxc3 18. Rxc3 Rxc3 19. Qxc3 Rc8 20. Qb3 exd5 21. Nxd5 Nxd5 22. Qxd5 Qc6 23. Qxc6 Rxc6 24. Rc1 Rxc1+ 25. Bxc1 Bf6 26. Kf2 a5 27. a4 Bd4+ 28. Ke2 Kf8 29. Kd3 Bc5 30. Be3 Bxe3 31. Kxe3 Ke7 32. Kd4 Kd7 33. Kd5 Kc7 34. g4 g5 35. h3 Kd7 36. e5 dxe5 37. Kxe5 Ke7 38. f4 h6 39. f5 f6+ 40. Kd5 1-0

[Event "CZE-ch U18"]
[Site "Czech Republic"]
[Date "2001.??.??"]
[Round "?"]
[White "Prazak, Ondrej"]
[Black "Londyn, Radek"]
[Result "0-1"]
[WhiteElo "1785"]
[BlackElo "2070"]
[PlyCount "80"]
[EventDate "2001.??.??"]
[EventType "swiss"]
[EventRounds "9"]
[EventCountry "CZE"]
[SourceTitle "EXT 2003"]
[Source "ChessBase"]
[SourceDate "2002.11.25"]
[SourceVersion "1"]
[SourceVersionDate "2002.11.25"]
[SourceQuality "1"]

1. d4 e6 2. c4 b6 3. Nc3 Bb7 4. Nf3 f5 5. d5 exd5 6. Nxd5 Nf6 7. Nxf6+ Qxf6 8. Qd4 Bb4+ 9. Bd2 Bxd2+ 10. Kxd2 Qh6+ 11. Qe3+ Qxe3+ 12. Kxe3 Nc6 13. Kd2 d5 14. cxd5 0-0-0 15. Rd1 Rxd5+ 16. Kc1 Rxd1+ 17. Kxd1 Rd8+ 18. Kc1 Nb4 19. a3 Nd5 20. g3 Nf6 21. Bg2 Ng4 22. Nh4 Bxg2 23. Nxg2 Nxf2 24. Rf1 Ng4 25. Rxf5 g6 26. Rf7 Rd7 27. Rf8+ Kb7 28. h3 Ne5 29. Nf4 c5 30. g4 Rf7 31. Rxf7+ Nxf7 32. Kd2 g5 33. Nd3 Kc6 34. Ke3 Kd5 35. b3 Nd6 36. Nb2 c4 37. Nxc4 Nxc4+ 38. bxc4+ Kxc4 39. Ke4 b5 40. Kf5 a5 0-1

[Event "Schneider Bohemia op-B"]
[Site "Plzen"]
[Date "2001.??.??"]
[Round "5.3"]
[White "Smid, Jan"]
[Black "Prazak, Ondrej"]
[Result "1/2-1/2"]
[WhiteElo "1650"]
[BlackElo "1663"]
[PlyCount "39"]
[EventDate "2001.08.??"]
[EventType "swiss"]
[EventRounds "9"]
[EventCountry "CZE"]
[SourceTitle "EXT 2002"]
[Source "ChessBase"]
[SourceDate "2001.11.25"]
[SourceVersion "1"]
[SourceVersionDate "2001.11.25"]
[SourceQuality "1"]

1. e4 e6 2. d4 d5 3. e5 c5 4. Qg4 Nc6 5. Nf3 Nge7 6. Bg5 Nxd4 7. Nxd4 cxd4 8. Bxe7 Qxe7 9. Qxd4 Qb4+ 10. Qxb4 Bxb4+ 11. c3 Ba5 12. Nd2 Bd7 13. Nb3 Bb6 14. Bd3 Rc8 15. 0-0 0-0 16. Rae1 Rfd8 17. Nd4 Rc7 18. Rd1 Bxd4 19. cxd4 Rdc8 20. f4 1/2-1/2